MARC details
| 000 -LEADER |
| campo de control de longitud fija |
02431nam a2200289 i 4500 |
| 001 - NÚMERO DE CONTROL |
| campo de control |
154208 |
| 003 - IDENTIFICADOR DE NÚMERO DE CONTROL |
| campo de control |
ES-MaACL |
| 005 - FECHA Y HORA DE LA ÚLTIMA TRANSACCIÓN |
| campo de control |
20231222194546.0 |
| 008 - DATOS DE LONGITUD FIJA--INFORMACIÓN GENERAL |
| campo de control de longitud fija |
940301m18411846sp acf |||| |cspa d |
| 080 ## - NÚMERO DE LA CLASIFICACIÓN DECIMAL UNIVERSAL |
| Número de la Clasificación Decimal Universal |
929(460)"18" |
| 245 00 - MENCIÓN DEL TÍTULO |
| Título |
Galería de españoles célebres contemporáneos |
| Resto del título |
o Biografías y retratos de todos los personages [sic] distinguidos de nuestros días en las ciencias, en la politica, en las armas, en las letras y en las artes / |
| Mención de responsabilidad, etc. |
publicadas por Nicomedes Pastor Díaz, y Francisco de Cárdenas. |
| 246 3# - FORMA VARIANTE DEL TITULO |
| Título propio/Titulo breve |
Biografías y retratos de todos los personajes distinguidos de nuestros días en las ciencias, en la política, en las armas, en las letras y en las artes |
| 260 ## - PUBLICACIÓN, DISTRIBUCIÓN, ETC. |
| Lugar de publicación, distribución, etc. |
Madrid : |
| Nombre del editor, distribuidor, etc. |
[s.n.], |
| Fecha de publicación, distribución, etc. |
1841-1846 ( |
| Fabricante |
Imp. de Sanchiz) |
| 300 ## - DESCRIPCIÓN FÍSICA |
| Extensión |
9 t. en 4 v. : |
| Otras características físicas |
[35] h. de lám., retr. ; |
| Dimensiones |
19 cm. |
| 505 8# - NOTA DE CONTENIDO CON FORMATO |
| Nota de contenido con formato |
Contiene: 1 [t. I-IV]. Agustín Argüelles, Alejandro Aguado, Juan Bravo Murillo, Diego Clemencín, Martín Fernández de Navarrete, José María Queipo de Llano, conde de Toreno, Manuel Montes de Oca - 2 [t. V-VI]. Baldomero Espartero, La reina Doña María Cristina de Borbón, Carlos María Isidro de Borbón, Salustiano de Olózaga, Manuel de Boria, Francisco Serrano y Domínguez, Joaquín Francisco Pacheco, José Zorrilla, Federico de Madrazo, Luis Fernández de Córdova, Juan Eugenio Hartzenbusch, Juan Donoso Cortés - 3 [t. VII]. General Maroto, José García Luna, Félix José Reinoso, Pedro Castelló, Agustín Durán, José Musso y Valiente - 4 [t. VIII-IX]. Carlos Latorre, Juan Nicasio Gallego, El Marqués viudo de Pontejos, Alberto Lista, Mariano José de Larra, Félix Torres Amat, Villacampa, Alejandro Oliván, Manuel Pérez Hernández, Zumalacárregui, Rubí, Manuel Godoy |
| 530 ## - NOTA DISPONIBLE DE FORMULARIO FÍSICO ADICIONAL |
| Nota de formato físico adicional disponible |
Disponible en formato digital. |
| 596 ## - NOTA AL PIE DE IMPRENTA |
| NOTA AL PIE DE IMPRENTA |
T. II imp. por: Vicente de Lalama ; t. III-IX imp. por: Ignacio Boix. |
| 597 ## - NOTA DE DESCRIPCIÓN FÍSICA |
| NOTA DE DESCRIPCIÓN FÍSICA |
Cada personaje tiene diferente numeración. |
| 599 ## - NOTA A LAS ILUSTRACIONES |
| NOTA A LAS ILUSTRACIONES |
Lám.: retratos de los biografiados. |
| 650 04 - PUNTO DE ACCESO ADICIONAL DE MATERIA--TÉRMINO DE MATERIA |
| Término de materia o nombre geográfico como elemento de entrada |
Españoles- |
| Subdivisión cronológica |
S.XIX- |
| Subdivisión general |
Biografías. |
| 9 (RLIN) |
12478 |
| 700 1# - ENTRADA AGREGADA--NOMBRE PERSONAL |
| Nombre de persona |
Díaz, Nicomedes Pastor, |
| Fechas asociadas al nombre |
1811-1863 |
| 9 (RLIN) |
44150 |
| 700 1# - ENTRADA AGREGADA--NOMBRE PERSONAL |
| Nombre de persona |
Cárdenas, Francisco de, |
| Fechas asociadas al nombre |
1816-1898 |
| 9 (RLIN) |
35138 |
| 852 ## - LOCALIZACIÓN |
| Ubicación |
ES-MaACL |
| Número de control de estantería |
G-619-22 |
| 856 ## - LOCALIZACIÓN Y ACCESO ELECTRÓNICOS |
| Identificador Uniforme de Recursos |
<a href="http://hdl.handle.net/11169/8226 ">http://hdl.handle.net/11169/8226 </a> |
| Nota pública |
Biblioteca Digital Floridablanca |
| 856 ## - LOCALIZACIÓN Y ACCESO ELECTRÓNICOS |
| Identificador Uniforme de Recursos |
<a href="http://bibliotecavirtual.larioja.org/bvrioja/i18n/consulta/registro.do?id=532">http://bibliotecavirtual.larioja.org/bvrioja/i18n/consulta/registro.do?id=532</a> |
| Nota pública |
Biblioteca Virtual de La Rioja |